| 000 | 00924nas a2200325 4500 | ||
|---|---|---|---|
| 001 | BR2014007230 | ||
| 003 | BR-BrBNA | ||
| 005 | 20231205124729.0 | ||
| 007 | ta | ||
| 008 | 230509b bl.|||p| |||| 00| 00por d | ||
| 040 |
_aBR-BrBNA _bpor _cBiblioteca Nacional de Agricultura |
||
| 041 | _a(En) | ||
| 072 | _aL51 | ||
| 100 | 1 | _aSalbego, J. | |
| 100 | 1 | _aPretto, A. | |
| 100 | 1 | _aSilva, V.M.M. da | |
| 100 | 1 | _aLoro, V.L. | |
| 100 | 1 | _aLazzari, R. | |
| 100 | 1 | _aGioda, C.R. | |
| 100 | 1 | _aBaldisserotto, B. | |
| 245 | 1 | _aGlyphosate on digestive enzymes activity in piava Leporinus obtusidens) | |
| 650 | _aPIABA | ||
| 650 | _aPEIXE DE ÁGUA DOCE | ||
| 650 | _aHERBICIDA | ||
| 650 | _aATIVIDADE ENZÍMICA | ||
| 650 | _aDIGESTÃO | ||
| 773 | 0 |
_tCiência Rural (Brazil) _xISSN 0103-8478 _g(Sep 2014), v. 44(9) p. 1603-1607 _wBR2014007230 |
|
| 909 |
_a202311 _bLúcia _c55 _dLúcia Elande |
||
| 942 |
_2AGRIS _n0 _cANA |
||
| 999 |
_c240608 _d240608 |
||